1981 U.S. industrial outlook for 200 industries with projections for 1985

Shranjeno v:
Bibliografske podrobnosti
Format: Knjiga
Jezik:Undetermined
Izdano: Washington 1981
Teme:
Oznake: Označite
Brez oznak, prvi označite!
Thư viện lưu trữ: Trung tâm Học liệu Trường Đại học Cần Thơ
LEADER 00440nam a2200145Ia 4500
001 CTU_99437
008 210402s9999 xx 000 0 und d
082 |a 338 
082 |b N469 
245 0 |a 1981 U.S. industrial outlook for 200 industries with projections for 1985 
260 |a Washington 
260 |c 1981 
650 |a Industrial policy,Economic aspects 
904 |i Tuyến 
980 |a Trung tâm Học liệu Trường Đại học Cần Thơ